[Event "Voronezh op-A 23rd"]
[Site "Voronezh"]
[Date "2019.06.21"]
[Round "9.5"]
[White "Shaposhnikov, Evgeny"]
[Black "Ruiz Castillo, Joshua Daniel"]
[Result "1-0"]
[WhiteElo "2572"]
[BlackElo "2472"]
[PlyCount "107"]
[EventDate "2019.06.12"]
[EventType "swiss"]
[EventRounds "9"]
[EventCountry "RUS"]
[SourceTitle "CBM 206 Extra"]
[Source "ChessBase"]
[SourceDate "2022.03.31"]
[SourceVersion "1"]
[SourceVersionDate "2022.03.31"]
[SourceQuality "1"]

1. Nf3 Nf6 2. d4 e6 3. e3 b6 4. Bd3 Bb7 5. 0-0 c5 6. c4 Be7 7. Nc3 cxd4 8. exd4 d5 9. cxd5 Nxd5 10. Ne5 0-0 11. Qg4 Nf6 12. Qh4 Nbd7 13. Rd1 g6 14. Bh6 Re8 15. Bb5 Rc8 16. Qf4 Rc7 17. Bxd7 Rxd7 18. Nxd7 Qxd7 19. Qe5 Qd8 20. Bg5 Nd5 21. Bxe7 Rxe7 22. Nxd5 Qxd5 23. Qxd5 Bxd5 24. a3 a5 25. Rac1 b5 26. Rc8+ Kg7 27. Rb8 Bc4 28. f3 Rd7 29. Kf2 Rd5 30. Rc8 a4 31. Rc5 Rd7 32. Ke3 Rb7 33. Kd2 Bd5 34. Kc3 Kf6 35. Kb4 Bc4 36. Rc1 Ke7 37. Re1 Kd6 38. h4 f6 39. g4 h6 40. Re3 g5 41. h5 Rb8 42. Rc3 Kd7 43. f4 Be2 44. fxg5 hxg5 45. Rc7+ Kd6 46. R3c6+ Kd5 47. Rc8 Rxc8 48. Rxc8 Bxg4 49. h6 Bf5 50. Rc5+ Kxd4 51. Rxf5 exf5 52. h7 f4 53. h8Q Ke5 54. Kc3 1-0

[Event "Voronezh op-A 23rd"]
[Site "Voronezh"]
[Date "2019.06.20"]
[Round "8"]
[White "Omelja, Artem"]
[Black "Shaposhnikov, Evgeny"]
[Result "0-1"]
[WhiteElo "2451"]
[BlackElo "2572"]
[PlyCount "68"]
[EventDate "2019.06.12"]
[EventType "swiss"]
[EventRounds "9"]
[EventCountry "RUS"]
[SourceTitle "CBM 191 Extra"]
[Source "ChessBase"]
[SourceDate "2019.09.30"]
[SourceVersion "1"]
[SourceVersionDate "2019.09.30"]
[SourceQuality "1"]

1. Nf3 c5 2. c4 Nc6 3. d4 cxd4 4. Nxd4 g6 5. e4 Nf6 6. Nc3 d6 7. Be2 Nxd4 8. Qxd4 Bg7 9. Be3 0-0 10. Qd2 Bd7 11. 0-0 Bc6 12. f3 a5 13. Rab1 Nd7 14. b3 Nc5 15. Rfc1 Be5 16. Bf1 e6 17. Ne2 Qh4 18. Bf4 Bxf4 19. Qxf4 Qe7 20. Rd1 Rad8 21. Qe3 e5 22. Rd2 f5 23. exf5 gxf5 24. f4 Ne4 25. Rdd1 Qg7 26. Re1 Rde8 27. Rbd1 Re6 28. c5 Nxc5 29. fxe5 Rxe5 30. Qc1 f4 31. Qc4+ Kh8 32. Nd4 Rxe1 33. Rxe1 f3 34. Re3 f2+ 0-1

[Event "Voronezh op-A 23rd"]
[Site "Voronezh"]
[Date "2019.06.19"]
[Round "7"]
[White "Shaposhnikov, Evgeny"]
[Black "Harutjunyan, Gevorg"]
[Result "1/2-1/2"]
[WhiteElo "2572"]
[BlackElo "2446"]
[PlyCount "108"]
[EventDate "2019.06.12"]
[EventType "swiss"]
[EventRounds "9"]
[EventCountry "RUS"]
[SourceTitle "CBM 191 Extra"]
[Source "ChessBase"]
[SourceDate "2019.09.30"]
[SourceVersion "1"]
[SourceVersionDate "2019.09.30"]
[SourceQuality "1"]

1. Nf3 d5 2. d4 Nc6 3. c4 Bg4 4. Nc3 e6 5. cxd5 exd5 6. Bf4 Bd6 7. Bg3 a6 8. e3 Nge7 9. Be2 0-0 10. Rc1 Rc8 11. a3 h6 12. Na4 Bxg3 13. hxg3 Qd6 14. Nc5 Rb8 15. Qb3 Nf5 16. Qa4 Qe7 17. Rc3 Bxf3 18. gxf3 Rfe8 19. Nxa6 bxa6 20. Qxc6 Rxb2 21. Bd1 Nxd4 22. Qxd5 Qf6 23. Rxc7 Rd8 24. Rd7 Rxd7 25. Qxd7 Nxf3+ 26. Bxf3 Qxf3 27. 0-0 Rb5 28. Qd8+ Kh7 29. Qd1 Qxd1 30. Rxd1 Rb3 31. a4 Rb4 32. a5 Rb5 33. Ra1 f5 34. Kg2 Kg6 35. Kf3 Kf6 36. g4 g6 37. Ra4 fxg4+ 38. Kxg4 h5+ 39. Kh4 Rf5 40. f4 g5+ 41. Kg3 Rb5 42. fxg5+ Kxg5 43. Kf3 Rf5+ 44. Kg3 Re5 45. Kf3 h4 46. Rg4+ Kh5 47. Rg8 Rf5+ 48. Ke4 Rg5 49. Rxg5+ Kxg5 50. Kf3 Kf5 51. Kg2 Kg4 52. Kh2 Kf3 53. Kh3 Kxe3 54. Kxh4 Ke4 1/2-1/2

[Event "Dvorkovich Memorial op"]
[Site "Taganrog"]
[Date "2019.01.17"]
[Round "8"]
[White "Triapishko, Alexandr"]
[Black "Shaposhnikov, Evgeny"]
[Result "0-1"]
[WhiteElo "2508"]
[BlackElo "2576"]
[PlyCount "109"]
[EventDate "2019.01.10"]
[EventType "swiss"]
[EventRounds "9"]
[EventCountry "RUS"]
[SourceTitle "CBM 188 Extra"]
[Source "ChessBase"]
[SourceDate "2019.02.26"]
[SourceVersion "1"]
[SourceVersionDate "2019.02.26"]
[SourceQuality "1"]

1. Nf3 c5 2. c4 Nc6 3. g3 g6 4. Bg2 Bg7 5. Nc3 e6 6. 0-0 Nge7 7. e3 Nf5 8. b3 0-0 9. Ba3 d6 10. Qc1 b6 11. Rd1 Ba6 12. g4 Nh6 13. g5 Nf5 14. Bb2 d5 15. h4 Ne5 16. Nxe5 Bxe5 17. f4 Nxh4 18. Bh1 d4 19. Ne4 Bg7 20. Rf1 Nf5 21. Qe1 Rb8 22. Ng3 b5 23. Nxf5 exf5 24. cxb5 Bxb5 25. Rf2 Re8 26. Rh2 dxe3 27. Bxg7 exd2 28. Qxd2 Qxd2 29. Rxd2 Kxg7 30. Rc1 a6 31. a4 Re2 32. Rxe2 Bxe2 33. Kf2 Bd3 34. Bd5 Be4 35. Bc4 a5 36. Ke3 Rb7 37. Kd2 f6 38. Bb5 Rc7 39. Ke3 Bd5 40. Rc3 Be4 41. Rc1 h6 42. gxh6+ Kxh6 43. Bc4 g5 44. Rd1 Re7 45. Rd6 Kg6 46. Kf2 gxf4 47. Ra6 Rh7 48. Rxa5 Kg5 49. Rxc5 Rh2+ 50. Ke1 f3 51. Bf1 Kf4 52. a5 Ra2 53. Rc4 Rxa5 54. Ra4 Rxa4 55. bxa4 0-1